000 00436nam a2200181Ia 4500
001 1279
005 20260306140620.0
008 260306t1982||||xx |||||||||||||| ||spa||
041 _aESP
082 _a190
_bV53A
100 _aVerneaux, Roger
_eAUT
245 0 _aTextos de los grandes filósofos:
_bedad moderna
260 _c1982
300 _a183 páginas :
_c21 cm.
650 _aGEN
654 _aCHU
942 _cLIB
_dJUS
_fJUS
_2ddc
_n
999 _c1279
_d1279